000 00320nam a22001337a 4500
008 170823b xxu||||| |||| 00| 0 eng d
020 _a0387908943
041 _aeng
080 _a51
100 _a38
101 _aMAT
245 _aFOUNDATIONS OF DIFFERENTIABLE MANIFOLDS AND LIE GROUPS
_cWARNER,F.W
942 _2udc
_cBK
999 _c24655
_d24655